Pueblo indio (articulo) /

Guardado en:
Formato: Libro
Publicado: Buenos Aires : Pueblo Indio, 1983
Materias:
Fc
Etiquetas: Agregar Etiqueta
Sin Etiquetas, Sea el primero en etiquetar este registro!
LEADER 01438nam a22001935a 4500
001 CEM.cems008769
005 20060214000000.0
008 130507s1983##################000#0#####d
003 CEMS
082 0 4 |a F572 
245 0 0 |a Pueblo indio (articulo) / 
260 |a Buenos Aires :  |b Pueblo Indio,  |c 1983 
300 |a 58 p. 
505 0 |a La identidad argentina somos los indios. Matacos: peligro de extinci¢n. El colonislismo vigente. Etnocidio en los Andes. El paternalismo en la antropolog¡a. Realidades de la naci¢n Toba...La identidad argentina somos los indios. Matacos: peligro de extinci¢n. El colonislismo vigente. Etnocidio en los Andes. El paternalismo en la antropolog¡a. Realidades de la naci¢n Toba...La identidad argentina somos los indios. Matacos: peligro de extinci¢n. El colonislismo vigente. Etnocidio en los Andes. El paternalismo en la antropolog¡a. Realidades de la naci¢n Toba...La identidad argentina somos los indios. Matacos: peligro de extinci¢n. El colonislismo vigente. Etnocidio en los Andes. El paternalismo en la antropolog¡a. Realidades de la naci¢n Toba...La identidad argentina somos los indios. Matacos: peligro de extinci¢n. El colonislismo vigente. Etnocidio en los Andes. El paternalismo en la antropolog¡a. Realidades de la naci¢n Toba... 
653 |a Antropologia 
653 |a Fc 
653 |a Indios argentinos 
653 |a Matacos 
859 |a CEMS  |b BIB. CEMS - 11 de abril  |h F572  |i 14  |p 1282.44  |t Ej.1